Cargando...

Gendered citizenship: Historical and conceptual explorations /

Detalles Bibliográficos
Autor Principal: Anupama Roy
Formato: Printed Book
Idioma:English
Publicado: Hyderabad: Orient Longman, 2005.
Edición:1st ed.
Subjects:
LEADER 00693cam a2200229ua 4500
008 070613t2005||||||||||| 001 ||eng c
020 |a 81-250-2797-1 
041 0 |a eng 
082 |a 323.6  |b ANU/G 
100 0 |a Anupama Roy,  
245 0 0 |a Gendered citizenship: Historical and conceptual explorations /  
250 |a 1st ed. 
260 |a Hyderabad:  |b Orient Longman,  |c 2005. 
300 |a 291p.. 
362 1 |a 2005. 
365 |a Rs 550/-  |e hb 
500 |a Includes index. 
650 |a Social Sciences 
650 0 |a Women citizens 
942 |c BK 
999 |c 14854  |d 14854 
952 |0 0  |1 0  |4 0  |6 323_600000000000000_ANU  |7 0  |9 15496  |a KUCL  |b KUCL  |d 2014-05-23  |l 0  |o 323.6 ANU/  |p 17136  |r 2014-05-23  |w 2014-05-23  |y BK